Born in BeNeLux, Who Am I ? - Statistics

General Stats
  • This quiz has been taken 39 times
  • The average score is 7 of 15
Answer Stats
Date of Birth Place of Birth Person Occupation % Correct
Mar 1853 Zundert, Netherlands Vincent van {Gogh} Painter
97%
Oct 1960 Brussels, Belgium Jean Claude van {Damme} Actor / Martial Artist
92%
Jul 1606 Leiden, Netherlands {Rembrandt} van Rijn Painter
78%
Aug 1876 Leeuwarden, Netherlands Mata {Hari} Exotic Dancer / Spy
69%
Dec 1954 Redange, Luxembourg Jean-Claude {Juncker} EU Politician
64%
Jan 1955 Amsterdam, Netherlands Eddie van {Halen} Rock Musician
53%
Jun 1945 Meensel-Kiezegem, Belgium Eddy {Merckx} Cyclist
50%
Sep 1962 Amsterdam, Netherlands Ruud {Gullit} Soccer Player
50%
Jan 1944 Breukelen, Netherlands Rutger {Hauer} Actor
44%
Feb 1954 Brussels, Belgium Plastic {Bertrand} Punk Musician
33%
May 1907 Etterbeek, Belgium Georges Remi aka {Herge} Cartoonist
31%
April 1980 Ghent, Belgium Bradley {Wiggins} Cyclist
28%
Sep 1952 Utrecht, Netherlands Sylvia {Kristel} Model / Actress
11%
Apr 1975 Bree, Belgium Johnny {Galecki} Actor
3%
Jun 1898 Luxembourg, Luxembourg Josef {Jakobs} Spy / Executee
3%
No matching quizzes found
Score Distribution
Percent of People with Each Score
Percentile by Number Answered
Your Score History
You have not taken this quiz